<?xml version="1.0" encoding="UTF-8"?>
<record
    xmlns:xsi="http://www.w3.org/2001/XMLSchema-instance"
    xsi:schemaLocation="http://www.loc.gov/MARC21/slim http://www.loc.gov/standards/marcxml/schema/MARC21slim.xsd"
    xmlns="http://www.loc.gov/MARC21/slim">

  <leader>01603cam a22002895i 4500</leader>
  <datafield tag="999" ind1=" " ind2=" ">
    <subfield code="c">21896</subfield>
    <subfield code="d">21868</subfield>
  </datafield>
  <controlfield tag="001">015964248</controlfield>
  <controlfield tag="003">EG-ScBUE</controlfield>
  <controlfield tag="005">20210203103150.0</controlfield>
  <controlfield tag="008">110916s2012    enk    g      000 f eng d</controlfield>
  <datafield tag="020" ind1=" " ind2=" ">
    <subfield code="a">9780670921157 (pbk.)</subfield>
  </datafield>
  <datafield tag="040" ind1=" " ind2=" ">
    <subfield code="a">StDuBDS</subfield>
    <subfield code="b">eng</subfield>
    <subfield code="e">rda</subfield>
    <subfield code="c">StDuBDS</subfield>
    <subfield code="d">Uk</subfield>
    <subfield code="d">EG-ScBUE</subfield>
  </datafield>
  <datafield tag="082" ind1="0" ind2="4">
    <subfield code="a">813.6</subfield>
    <subfield code="b">SHA</subfield>
    <subfield code="2">22</subfield>
  </datafield>
  <datafield tag="100" ind1="1" ind2=" ">
    <subfield code="a">Shafak, Elif,</subfield>
    <subfield code="d">1971-</subfield>
    <subfield code="e">author.</subfield>
    <subfield code="9">40188</subfield>
  </datafield>
  <datafield tag="245" ind1="1" ind2="0">
    <subfield code="a">Honour /</subfield>
    <subfield code="c">Elif Shafak.</subfield>
  </datafield>
  <datafield tag="250" ind1=" " ind2=" ">
    <subfield code="a">First edition.</subfield>
  </datafield>
  <datafield tag="264" ind1=" " ind2="1">
    <subfield code="a">London :</subfield>
    <subfield code="b">Viking / Penguin Books,</subfield>
    <subfield code="c">2012.</subfield>
  </datafield>
  <datafield tag="300" ind1=" " ind2=" ">
    <subfield code="a">342 pages ;</subfield>
    <subfield code="c">24 cm</subfield>
  </datafield>
  <datafield tag="336" ind1=" " ind2=" ">
    <subfield code="a">text</subfield>
    <subfield code="b">txt</subfield>
    <subfield code="2">rdacontent</subfield>
  </datafield>
  <datafield tag="337" ind1=" " ind2=" ">
    <subfield code="a">unmediated</subfield>
    <subfield code="b">n</subfield>
    <subfield code="2">rdamedia</subfield>
  </datafield>
  <datafield tag="338" ind1=" " ind2=" ">
    <subfield code="a">volume</subfield>
    <subfield code="b">nc</subfield>
    <subfield code="2">rdacarrier</subfield>
  </datafield>
  <datafield tag="520" ind1=" " ind2=" ">
    <subfield code="a">'My mother died twice. I promised myself I would not let her story be forgotten'. And so begins the story of Esma a young Kurdish woman in London trying to come to terms with the terrible murder her brother has committed. Esma tells the story of her family stretching back three generations; back to her grandmother and the births of her mother and Aunt in a village on the edge of the Euphrates. Named Pembe and Jamila, meaning Pink and Beautiful rather than the names their mother wanted to call them, Destiny and Enough, the twin girls have very different futures ahead of them all of which will end in tragedy on a street in East London in 1978. A powerful, brilliant and moving account of murder, love and family set in a Kurdish village, Istanbul and London.</subfield>
  </datafield>
  <datafield tag="650" ind1=" " ind2="7">
    <subfield code="a">Women, Kurdish</subfield>
    <subfield code="v">Fiction.</subfield>
    <subfield code="2">BUEsh</subfield>
  </datafield>
  <datafield tag="650" ind1=" " ind2="7">
    <subfield code="a">Kurds</subfield>
    <subfield code="z">England</subfield>
    <subfield code="z">London</subfield>
    <subfield code="v">Fiction.</subfield>
    <subfield code="2">BUEsh</subfield>
  </datafield>
  <datafield tag="651" ind1=" " ind2=" ">
    <subfield code="2">BUEsh</subfield>
  </datafield>
  <datafield tag="653" ind1=" " ind2=" ">
    <subfield code="b">HHUUEENN</subfield>
    <subfield code="c">June2016</subfield>
  </datafield>
  <datafield tag="942" ind1=" " ind2=" ">
    <subfield code="2">ddc</subfield>
    <subfield code="c">BB</subfield>
  </datafield>
  <datafield tag="952" ind1=" " ind2=" ">
    <subfield code="0">0</subfield>
    <subfield code="1">0</subfield>
    <subfield code="2">ddc</subfield>
    <subfield code="4">0</subfield>
    <subfield code="7">0</subfield>
    <subfield code="8">ILB</subfield>
    <subfield code="a">MAIN</subfield>
    <subfield code="b">MAIN</subfield>
    <subfield code="c">2ND</subfield>
    <subfield code="d">2016-06-16</subfield>
    <subfield code="e">Purchase</subfield>
    <subfield code="g">128.00</subfield>
    <subfield code="h">8263</subfield>
    <subfield code="l">7</subfield>
    <subfield code="m">17</subfield>
    <subfield code="o">813.6 SHA</subfield>
    <subfield code="p">000032682</subfield>
    <subfield code="r">2025-07-15 00:00:00</subfield>
    <subfield code="s">2024-03-04</subfield>
    <subfield code="v">160.00</subfield>
    <subfield code="w">2016-06-16</subfield>
    <subfield code="y">BB</subfield>
  </datafield>
</record>
